000 00715nam a2200217 a 4500
001 000025819
005 20200930024055.0
008 100308s1963 sp 001 d spa d
040 _aDO-SdBNP
_bspa
_cBNPHU
082 _ann*
_bnn*
100 1 _aRío, Ángel del.
_952649
245 1 0 _aHistoria de la literatura española /
_cÁngel del Río.
260 _aNew York :
_bHolt, Rinehart and Winston,
_c1963.
300 _av. ;
_c23 cm.
500 _aIncluye referencias bibliográficas y notas al pie de las páginas.
504 _aBibliográfia : 449-452 p.
505 0 _gT. 1.
_tDesde los orígenes hasta 1700.
500 _aLa biblioteca sólo posee el tomo 1.
500 _aIncluye índice.
049 _aBNPD
999 _c25311
_d25311